Process simulation of rubber injection moulding: Effects of inserts on the heat flux and the article quality (Record no. 65748)

MARC details
000 -LEADER
fixed length control field 00476nam a2200157Ia 4500
100 ## - MAIN ENTRY--AUTHOR NAME
Personal name Thornagel M
245 #0 - TITLE STATEMENT
Title Process simulation of rubber injection moulding: Effects of inserts on the heat flux and the article quality
260 ## - PUBLICATION, DISTRIBUTION, ETC. (IMPRINT)
Name of publisher Kautschuk Gummi Kunststoffe
Year of publication 2012
300 ## - PHYSICAL DESCRIPTION
Number of Pages 49-54
650 ## - SUBJECT ADDED ENTRY--TOPICAL TERM
Topical Term Injection moulding
650 ## - SUBJECT ADDED ENTRY--TOPICAL TERM
Topical Term Part quality
650 ## - SUBJECT ADDED ENTRY--TOPICAL TERM
Topical Term Process simulation
700 ## - ADDED ENTRY--PERSONAL NAME
Personal name Florez L
942 ## - ADDED ENTRY ELEMENTS (KOHA)
Koha item type Journals
Holdings
Withdrawn status Lost status Damaged status Not for loan Home library Current library Shelving location Date acquired Serial Enumeration / chronology Koha item type
      Journals RRII Library RRII Library Rubber technology 24/07/2012 Volume 65, Issue 5 Journals